000 00327nam a2200145Ia 4500
008 191201s2008 xx 000 0 und d
082 _a658.87
_bSIM
100 _aSINHA, Piyush Kumar
245 0 _aManaging Retailing
250 _a5th
260 _aN.Delhi
_bOxford
_c2008
300 _a543
650 _aMBA
942 _2ddc
_cBK
999 _c3580
_d3580